<?xml version="1.0" encoding="UTF-8"?>
<collection xmlns="http://www.loc.gov/MARC21/slim">
 <record>
  <leader>00572nam a2200133Ia 4500</leader>
  <controlfield tag="001">IUH_2025_00151</controlfield>
  <controlfield tag="008">251224s9999    xx            000 0 und d</controlfield>
  <datafield tag="082" ind1=" " ind2=" ">
   <subfield code="a"> 346.597022</subfield>
  </datafield>
  <datafield tag="245" ind1=" " ind2="0">
   <subfield code="a">Sách tình huống pháp luật hợp đồng và bồi thường thiệt hại ngoài hợp đồng : Bình luận bản án</subfield>
  </datafield>
  <datafield tag="260" ind1=" " ind2=" ">
   <subfield code="b"> Hồng Đức</subfield>
  </datafield>
  <datafield tag="260" ind1=" " ind2=" ">
   <subfield code="c"> 2023</subfield>
  </datafield>
  <datafield tag="650" ind1=" " ind2=" ">
   <subfield code="a"> Hợp đồng; Bồi thường (luật); </subfield>
  </datafield>
  <datafield tag="927" ind1=" " ind2=" ">
   <subfield code="a">Sách</subfield>
  </datafield>
  <datafield tag="980" ind1=" " ind2=" ">
   <subfield code="a">Trung tâm Thư viện - Trường Đại học Công nghiệp TP. Hồ Chí Minh</subfield>
  </datafield>
 </record>
</collection>
<br />
<b>Warning</b>:  fopen(C:\Windows\TEMP\vufind_sessions/sess_7ghns05i418ph5cc2ogpcqjj35): failed to open stream: No space left on device in <b>C:\vufind\module\VuFind\src\VuFind\Session\File.php</b> on line <b>151</b><br />
Cannot write session to C:\Windows\TEMP\vufind_sessions/sess_7ghns05i418ph5cc2ogpcqjj35
<br />
<b>Warning</b>:  session_write_close(): Failed to write session data using user defined save handler. (session.save_path: \xampp\tmp) in <b>C:\vufind\vendor\laminas\laminas-session\src\SessionManager.php</b> on line <b>235</b><br />
